Understanding VAT on property (Record no. 105631)
[ view plain ]
| 000 -LEADER | |
|---|---|
| fixed length control field | 00950cam a2200253 4500 |
| 001 - CONTROL NUMBER | |
| control field | ##L134279 |
| 008 - FIXED-LENGTH DATA ELEMENTS--GENERAL INFORMATION | |
| fixed length control field | 060721n2006 000 0 eng u |
| 020 ## - INTERNATIONAL STANDARD BOOK NUMBER | |
| International Standard Book Number | 1853289949 |
| 035 ## - SYSTEM CONTROL NUMBER | |
| System control number | (Sirsi) u134279 |
| 041 0# - LANGUAGE CODE | |
| Language code of text/sound track or separate title | eng |
| 050 04 - LIBRARY OF CONGRESS CALL NUMBER | |
| Classification number | 336.271 $2 18 |
| 100 1# - MAIN ENTRY--PERSONAL NAME | |
| Personal name | Jordan, David |
| 245 00 - TITLE STATEMENT | |
| Title | Understanding VAT on property |
| 250 ## - EDITION STATEMENT | |
| Edition statement | 2nd ed. |
| 260 ## - PUBLICATION, DISTRIBUTION, ETC. | |
| Place of publication, distribution, etc. | London |
| Name of publisher, distributor, etc. | Law Society |
| Date of publication, distribution, etc. | 2006 |
| 300 ## - PHYSICAL DESCRIPTION | |
| Extent | xxvi, 302p. |
| Dimensions | 24cm. |
| 350 ## - PRICE (NR) (BK AM CF MU VM SE) [OBSOLETE] | |
| Price | 44.95 |
| 520 ## - SUMMARY, ETC. | |
| Summary, etc. | Offers guidance on the legislation related to VAT and its application to property transactions and development. Includes a table of cases, a table of statutes and a table of statutory instruments and European legislation. Also includes new chapters on charity buildings and listed and other protected buildings. |
| 520 ## - SUMMARY, ETC. | |
| Summary, etc. | Supersedes previous edition (ISBN 1853288608) |
| 590 ## - LOCAL NOTE (RLIN) | |
| Local note | IKA050906 |
| 651 #4 - SUBJECT ADDED ENTRY--GEOGRAPHIC NAME | |
| Geographic name | United Kingdom |
| Chronological subdivision | |
| 690 ## - LOCAL SUBJECT ADDED ENTRY--TOPICAL TERM (OCLC, RLIN) | |
| Topical term or geographic name as entry element | PROPERTY-PROPERTY TAXATION |
| 942 ## - ADDED ENTRY ELEMENTS (KOHA) | |
| Suppress in OPAC | 0 |
| Withdrawn status | Lost status | Source of classification or shelving scheme | Damaged status | Not for loan | Home library | Current library | Shelving location | Date acquired | Cost, normal purchase price | Total Checkouts | Full call number | Barcode | Date last seen | Date last checked out | Copy number | Cost, replacement price | Price effective from | Koha item type |
|---|---|---|---|---|---|---|---|---|---|---|---|---|---|---|---|---|---|---|
| Dewey Decimal Classification | London | London | Books | 04/09/2006 | 44.95 | 9 | 336.271 JOR | 30073212 | 06/08/2019 | 14/05/2009 | 1 | 44.95 | 06/08/2019 | Book |